| 000 | 01459nam a2200325 a 4500 | ||
|---|---|---|---|
| 001 | 000003538 | ||
| 003 | DO-SdBNP | ||
| 005 | 20180305134426.0 | ||
| 007 | 000003538 | ||
| 008 | 110712s2009 dr ac 000 0 spa d | ||
| 020 | _a9789945461435 | ||
| 040 |
_aBPMSU _bspa _cBPMSU |
||
| 082 | 0 | 4 |
_a372.6561 _bV145L 1ro. 2009 |
| 100 | 1 | _aValdez, Lidia | |
| 245 | 1 | 0 |
_aLengua española 1 : _b[educación básica] / _cFime Gómez ; edición revisada y actualizada Lidia Valdez y Reyna Patricia Carrasco ; producción editorial María del Jesús de la Rosa ; ilustración Ramón Sandoval. |
| 260 |
_aSanto Domingo : _bActualidad Escolar, _c2009. |
||
| 300 |
_a2 v. : _bil., retrs. ; _c28 cm. |
||
| 500 | _aIncluye el libro del maestro. | ||
| 500 | _aTexto original elaborado por Fiume Gómez | ||
| 505 | 0 |
_gUnidad 1 -- _tA la escuela -- _gUnidad 2 -- _tMi familia -- _gUnidad 3 -- _tMe relaciono co los demás -- _gUnidad 4 -- _tLlegó la navidad -- _gUnidad 5 -- _tConozco mi comunidad -- _gUnidad 6 -- _tTodos trabajamos por la patria -- _gUnidad 7 -- _tMe comunico -- |
|
| 700 | 1 | 2 |
_aValdez, Lidia, _erev. |
| 700 | 1 | 2 |
_aCarrasco, Reyna Patricia, _erev. |
| 700 | 1 | 2 |
_aSandoval, Ramón, _eil. |
| 700 | 1 | 2 |
_aRosa, María del Jesús de la, _eed. |
| 942 |
_2ddc _cBK |
||
| 945 | _aRemanejado para la BNPHU / 2018 | ||
| 956 |
_aDGARCIA _b10 _c20150810 _lBND01 _h1013 |
||
| 956 |
_aVMATEO _b10 _c20150812 _lBPMSU _h00151 |
||
| 956 |
_aLOPEREZ _b10 _c20160419 _lBPMSU _h00041 |
||
| 999 |
_c8186 _d8186 |
||